000 00952nam a2200241 a 4500
001 80304
003 BD-RjUL
005 20220905111330.0
008 220905s2016 bg ||||| m||| 00| 0 eng d
035 _a(BD-RjUL)80304
040 _aBD-RjUL
_beng
_cBD-RjUL
_dBD-RjUL
041 _aeng
082 _223
_a333.9528
_bSHE 2016
100 _aSHAHIDULLAH, MD.
_94643
245 1 0 _aEnvironmental Policies and Ethical Issues in Aquatic Biodiversity Conservation in Bangladesh :
_cMd. Shahidullah
_6Supervisor : M. Mostafa Kamal
260 _aRajshahi :
_bInstitute of Bangladesh Studies, University of Rajshahi
_c2016
300 _a[2], xi, 289 leaves :
_c29 cm.
502 _aThesis (Ph. D.) -- Institute of Bangladesh Studies, University of Rajshahi,2016
504 _aBibliography : leaves 282-286
650 _aAquatic biology
_xBiodiversity
_vEnvironmental management
_94644
700 _aKamal, M. Mostafa, Supervisor
_91265
942 _2ddc
_cTHE
999 _c80304
_d80304